The words and works of Jesus Christ : (Record no. 1404)

MARC details
000 -LEADER
fixed length control field 01013pam a2200289 i 4500
001 - CONTROL NUMBER
control field 3717419
003 - CONTROL NUMBER IDENTIFIER
control field GBCCL
005 - DATE AND TIME OF LATEST TRANSACTION
control field 20241126110400.0
008 - FIXED-LENGTH DATA ELEMENTS--GENERAL INFORMATION
fixed length control field 800905s1981 miub b 001 0beng
010 ## -
-- 80022350
020 ## - INTERNATIONAL STANDARD BOOK NUMBER
International Standard Book Number 0310309409
040 ## - CATALOGING SOURCE
Original cataloging agency DLC
Transcribing agency DLC
Modifying agency DLC
050 00 -
-- BT301.2
-- .P45
082 00 - DEWEY DECIMAL CLASSIFICATION NUMBER
Classification number 232.901
-- B
Edition information 19
Item number PEN
100 1# - MAIN ENTRY--PERSONAL NAME
Personal name Pentecost, J. Dwight.
9 (RLIN) 2790
245 14 - TITLE STATEMENT
Title The words and works of Jesus Christ :
Remainder of title a study of the life of Christ /
Statement of responsibility, etc. J. Dwight Pentecost ; [edited by John Danilson].
260 ## - PUBLICATION, DISTRIBUTION, ETC.
Place of publication, distribution, etc. Grand Rapids, Mich. :
Name of publisher, distributor, etc. Zondervan Pub. House,
Date of publication, distribution, etc. c1981.
300 ## - PHYSICAL DESCRIPTION
Extent 629 p. :
Other physical details map ;
Dimensions 24 cm.
500 ## - GENERAL NOTE
General note Includes index.
504 ## - BIBLIOGRAPHY, ETC. NOTE
Bibliography, etc. note Bibliography: p. 607-613.
600 00 - SUBJECT ADDED ENTRY--PERSONAL NAME
Personal name Jesus Christ
General subdivision Biography.
9 (RLIN) 2791
650 #0 - SUBJECT ADDED ENTRY--TOPICAL TERM
Topical term or geographic name entry element Christian biography
Geographic subdivision Palestine.
9 (RLIN) 2073
700 1# - ADDED ENTRY--PERSONAL NAME
Personal name Danilson, John.
9 (RLIN) 2792
856 42 - ELECTRONIC LOCATION AND ACCESS
Materials specified Publisher description
Uniform Resource Identifier <a href="http://www.loc.gov/catdir/enhancements/fy0633/80022350-d.html">http://www.loc.gov/catdir/enhancements/fy0633/80022350-d.html</a>
906 ## - LOCAL DATA ELEMENT F, LDF (RLIN)
a 7
b cbc
c orignew
d u
e ocip
f 19
g y-gencatlg
942 ## - ADDED ENTRY ELEMENTS (KOHA)
Source of classification or shelving scheme Dewey Decimal Classification
Koha item type Books
Koha issues (borrowed), all copies 7
Holdings
Withdrawn status Lost status Source of classification or shelving scheme Damaged status Not for loan Home library Current Library Shelving location Date acquired Total checkouts Total renewals Full call number Barcode Date last seen Date last checked out Copy number Price effective from Koha item type
    Dewey Decimal Classification     GRACE BIBLE COLLEGE GRACE BIBLE COLLEGE Theology 2017-04-28 7 1 232.901 PEN 009953 2025-05-01 2024-01-22 c.1 2017-04-28 Books
© Grace Bible College Library 2025